Statements relating to supplementary information on rural local bodies submitted to thirteenth Finance Commission, 2008 (Record no. 481349)

000 -LEADER
fixed length control field 00504cam a22001217a 4500
008 - FIXED-LENGTH DATA ELEMENTS--GENERAL INFORMATION
fixed length control field 180718b2008 xxu||||| |||| 00| 0 eng d
082 ## - DEWEY DECIMAL CLASSIFICATION NUMBER
Classification number Lmx5411 F/2008/R
245 ## - TITLE STATEMENT
Title Statements relating to supplementary information on rural local bodies submitted to thirteenth Finance Commission, 2008
Statement of responsibility, etc. by Finance Department (SFC cell), Assam
260 ## - PUBLICATION, DISTRIBUTION, ETC.
Place of publication, distribution, etc. Dispur
Name of publisher, distributor, etc. Finance Department (SFC cell)
Date of publication, distribution, etc. 2008
300 ## - PHYSICAL DESCRIPTION
Extent 210p.
650 ## - SUBJECT ADDED ENTRY--TOPICAL TERM
Topical term or geographic name entry element Municipal finance - India - Assam
700 ## - ADDED ENTRY--PERSONAL NAME
Personal name Assam. Finance Department (SFC cell)
Holdings
Withdrawn status Lost status Damaged status Not for loan Permanent Location Current Location Date acquired Full call number Barcode Date last seen Price effective from Koha item type
        Indian Institute of Public Administration Indian Institute of Public Administration 2018-08-04 Lmx5411 F/2008/R GG29534 2018-08-04 2018-08-04 GG
        Indian Institute of Public Administration Indian Institute of Public Administration 2018-08-04 Lmx5411 F/2008/R GG29533 2018-08-04 2018-08-04 GG
        Indian Institute of Public Administration Indian Institute of Public Administration 2018-08-04 Lmx5411 F/2008/R GG29532 2018-08-04 2018-08-04 GG

Powered by Koha